000 00572nam a2200193Ia 4500
005 20250508151346.0
008 008 250505s9999 xx 000 0 eng d
037 _aTextual
040 _aFEDL
_beng
_cFEDL
041 _aeng
_2eng
084 _a301.155, MUR
_qFEDL
100 _aMurray Janet P.
_9169618
245 0 _aGuide lines for group leaders : The why and how of group work
260 _aNew York, USA
_bWilliam Morrow and Company
_c1954
300 _a224p.
650 _aSociology
942 _cTEXL
_h301.155, MUR
999 _c1329273
_d1329273